000 00316nam a2200109Ia 4500
008 171204s9999 xx 000 0 und d
245 _aPlant Microbiology:
245 _cA. Holmes and M. Gillings
260 _c2015
650 _xMicrobiology & Parasitology
856 _uhttp://down.ebook777.com/021/9781859962244.pdf
999 _c346383
_d346383